Clinical anatomy (Record no. 15123)
[ view plain ]
| 000 -LEADER | |
|---|---|
| fixed length control field | 01451nam a2200337 a 4500 |
| 082 04 - DEWEY DECIMAL CLASSIFICATION NUMBER | |
| Classification number | 612 |
| 100 1# - MAIN ENTRY--AUTHOR NAME | |
| Personal name | Ellis, Harold, |
| 245 10 - TITLE STATEMENT | |
| Title | Clinical anatomy |
| 250 ## - EDITION STATEMENT | |
| Edition statement | 13th ed. |
| 260 ## - PUBLICATION, DISTRIBUTION, ETC. (IMPRINT) | |
| Place of publication | Chichester, West Sussex, U.K. : |
| Name of publisher | Wiley-Blackwell, |
| Year of publication | 2013. |
| 300 ## - PHYSICAL DESCRIPTION | |
| Number of Pages | xii, 477 p. : |
| Other physical details | ill. (chiefly col.) |
| 505 0# - FORMATTED CONTENTS NOTE | |
| Formatted contents note | pt. 1. The thorax -- pt. 2. The abdomen and pelvis -- pt. 3. The upper limb -- pt. 4. The lower limb -- pt. 5. The head and neck -- pt. 6. The nervous system. |
| 650 #0 - SUBJECT ADDED ENTRY--TOPICAL TERM | |
| Topical Term | Anatomy. |
| 700 1# - ADDED ENTRY--PERSONAL NAME | |
| Personal name | Mahadevan, Vishy. |
| 856 40 - ELECTRONIC LOCATION AND ACCESS | |
| Uniform Resource Identifier | http://site.ebrary.com/lib/rucke/Doc?id=10747439 |
No items available.
